History Quiz

Random History or Sporcle Quiz

Draw a Badge: Rent's Due Quiz Stats

 Plays Quiz not verified by Sporcle

Score 0/12 Timer 04:00
0 Plays Today
% Correct
Euro
99.1%
Apple Inc.
95.7%
Shakespeare
88%
Rosa Parks
85.9%
Labour Day
84.4%
Radio Star
83.8%
Iran
82.7%
Bush
82.2%
Mao Zedong
81.7%
Egypt
66.2%
Gaddafi
60.7%
Chopin
56.1%

You're not logged in!

Compare scores with friends on all Sporcle quizzes.
OR
Log In

Sporcle TV

Today on Sporcle TV


Watch our educational content, quiz creation guides, and fun videos on Sporcle TV.

Show Comments

Extras

Top Quizzes Today


Score Distribution

Your Account Isn't Verified!

In order to create a playlist on Sporcle, you need to verify the email address you used during registration. Go to your Sporcle Settings to finish the process.

Report this User

Report this user for behavior that violates our Community Guidelines.

Details: